000
00247nam a22001097a 4500
082
_a
620 WHI'W
100
_a
WHINNERY, JOHN R
_9
57103
245
_a
THE WORLD OF ENGINEERING
260
_a
NEWYORK
_b
MCGRAW HILL
_c
1965
300
_a
304P
942
_c
BK
999
_c
567404
_d
567404